Allende: Chile 1970-1973, crónica
Uloženo v:
| Hlavní autor: | |
|---|---|
| Médium: | Kniha |
| Jazyk: | španělština |
| Vydáno: |
Madrid
Foca
1999
|
| Edice: | Colección Foca Investigación, 5
|
| Témata: | |
| Tagy: |
Přidat tag
Žádné tagy, Buďte první, kdo vytvoří štítek k tomuto záznamu!
|
MARC
| LEADER | 00000nam a2200000 a 4500 | ||
|---|---|---|---|
| 001 | UCO4332 | ||
| 003 | CL-VaPUC | ||
| 008 | 000804e19990000SP |||||||||||||||||spa|d | ||
| 082 | 0 | 4 | |a 923.1 |b KAL |2 21 |
| 100 | 0 | |a Kalfon, Pierre |e author |9 448774 | |
| 245 | 1 | 0 | |a Allende: Chile 1970-1973, crónica |
| 300 | |a 282 p | ||
| 942 | |c BK | ||
| 945 | |d 20000804 00:00:00 |a rbrito | ||
| 260 | |a Madrid |b Foca |c 1999 | ||
| 600 | 0 | |a Allende Gossens, Salvador, |d 1908-1973 |9 257222 | |
| 650 | 7 | |a HISTORIA POLITICA 1970-1973 |2 CL-VaPUC |9 448775 | |
| 651 | 7 | |a CHILE |2 CL-VaPUC |9 448776 | |
| 583 | |a last modification |c 20120831 12:40:36 |k Rodrigo Vera | ||
| 490 | 0 | |a Colección Foca Investigación, 5 | |
| 999 | |c 290392 |d 290390 | ||
| 952 | |0 0 |1 0 |4 0 |6 923_100000000000000_KAL_1999 |7 0 |8 A |9 339765 |a BIBHIS |b BIBHIS |d 2019-11-20 |i 3638014 |o 923.1 KAL 1999 |p 3638014 |r 2025-01-20 |w 2019-11-20 |y BK |k HIS | ||
| 952 | |0 0 |1 0 |4 0 |6 923_100000000000000_KAL_1999 |7 0 |8 A |9 339766 |a BIBHIS |b BIBHIS |d 2019-11-20 |i 388631K |l 1 |o 923.1 KAL 1999 |p 388631K |r 2025-01-20 |s 2024-05-17 |w 2019-11-20 |y BK |k HIS | ||